|
|
|
|
| LEADER |
00663cam a2200193 7i4500 |
| 001 |
0000005800 |
| 005 |
20170218090000.0 |
| 020 |
|
|
|a 9781572316928
|
| 020 |
|
|
|a 1572316926 (pbk.)
|
| 090 |
0 |
0 |
|a TK5105.55
|b .N33 1998
|
| 100 |
1 |
|
|a Naik, Dilip C
|
| 245 |
1 |
0 |
|a Internet standards and protocols
|c Dilip C. Naik.
|
| 260 |
|
|
|a Redmond, Washington:
|b Microsoft Press,
|c 1998.
|
| 300 |
|
|
|a xviii, 333 p.:
|b ill.;
|c 23 cm.
|
| 500 |
|
|
|a Includes index
|
| 650 |
0 |
0 |
|a Computer network protocols --
|x Standards
|
| 650 |
0 |
0 |
|a Internet
|
| 997 |
|
|
|a Communication, Visual Art & Computing, Faculty
|b Computing, Department
|
| 999 |
|
|
|a 0000000991
|b BOK
|c OPEN SHELF
|e 2nd Floor, Bestari Jaya
|